000
00310nam a2200121Ia 4500
008
190216s9999||||xx |||||||||||||| ||und||
100
_a
Thayat Sankaran
245
0
_a
Mudrarakshasam
260
_b
"Dr.P V Bhaskaran Nair,Publication Divisi"
_c
1994
300
_a
208p
650
_a
Malayalam Nadakam
942
_c
BK
999
_c
27113
_d
27113